00413pab a2200121 454500008003600000100002400036245003300060650001300093773004700106909001000153999001700163952011100180180718b xxu||||| |||| 00| 0 eng d aVenkataratnam, C.S. aRetraining for restructuring aTraining aIndian Journal of Training and Development a22429 c22429d22429 00104070aIIPAbIIPAd2018-07-19hIssue no: 22(3) May-Jun.92, p.4-9pAR22498r2018-07-19w2018-07-19yAR